|
|
|
|
| LEADER |
00000nam a22000007a 4500 |
| 005 |
20210515155736.0 |
| 007 |
cr|||| |||| |
| 008 |
210515s2014 co |||||s|||| 00||0 spa d |
| 020 |
|
|
|a 9789587414912
|
| 035 |
|
|
|a 33365
|
| 040 |
|
|
|a vLex
|
| 090 |
|
|
|c 11691
|d 11691
|
| 100 |
1 |
|
|a Torres Laborde, Jos ̌Luis
|
| 245 |
1 |
0 |
|a Diseǫ y anl̀isis del puesto de trabajo
|h [Recurso electrn̤ico] :
|b Herramienta para la gestin̤ del talento humano /
|c Jos ̌Luis Torres Laborde, Olga Luca̕ Jaramillo Naranjo
|
| 256 |
|
|
|a Servicio en ln̕ea
|
| 260 |
|
|
|a Bogot:̀
|b Ediciones de la U,
|c 2014
|
| 300 |
|
|
|a 1 recurso electrn̤ico
|
| 500 |
|
|
|a El estudio del trabajo es una necesidad fundamental para cualquier persona que realice una actividad productiva, pero tambiň es indispensable para las organizaciones de cualquier tipo y, por supuesto, es un factor clave para los emprendedores. Este texto, resultado de la prc̀tica acadm̌ica y de la amplia experiencia de los autores en el sector empresarial, va ms̀ all ̀del estudio de las funciones; revisa en detalle la literatura sobre el estudio del trabajo y contempla todos los elementos implc̕itos desde su creacin̤ e insercin̤ en la estructura organizacional hasta los cometidos, responsabilidades y perfiles necesarios para ser ocupados por potenciales trabajadores. Sin lugar a dudas, una obra muy pertinente en los actuales momentos, cuando ml︢tiples y novedosos tipos de trabajo emergen en la sociedad global.
|
| 506 |
1 |
|
|a Disponible solo en los productos indicados
|d vLex Global
|d vLex Global (Academic Edition, excluding Law Schools)
|d vLex Global (U.S. Academic Edition, Law Schools)
|d vLex Global (U.S. Academic Edition, excluding Law Schools)
|d vLex Global (Academic Edition, Law Schools)
|
| 650 |
0 |
4 |
|a Derecho Laboral y Seguridad Social
|z Colombia
|
| 700 |
1 |
|
|a Jaramillo Naranjo, Olga Luca̕
|
| 740 |
0 |
|
|a vLex Libros (Servicio en ln̕ea)
|
| 856 |
4 |
0 |
|u https://vlex.com/source/dise-o-y-analisis-del-puesto-de-trabajo-herramienta-para-la-gestion-del-talento-humano-33365
|z Acceso restringido
|
| 942 |
|
|
|c BOOK
|
| 999 |
0 |
|
|a Labor law and social security
|